Skladbičky pre klavír

Uložené v:
Podrobná bibliografia
Hlavný autor: Brejková, Katarína
Médium: Hudobnina
Jazyk:Slovak
Vydané: Bratislava : Hudobný fond, 2011.
Vydanie:1. vyd.
Témy:
Fyzický popis: 1 partitúra (11 s.) : noty ; 30 cm.
Tagy: Pridať tag
Žiadne tagy, Buďte prvý kto otaguje tento záznam!

MARC

LEADER 00000ncm a22000004a 4500
001 000438921
005 20140226101305.0
008 131010s2011 xo e slo d
024 2 |a 9790685000990 (brož.) 
040 |a SVKKK  |b slo  |c SVKKK  |e AACR2 
041 0 |a slo 
043 |a e-xo--- 
044 |a xo  |c SK 
072 7 |a 786  |x Hudba pre klávesové nástroje  |2 konspekt 
080 |a 786.2.083  |2 2001 
080 |a 78.089  |2 2001 
100 1 |a Brejková, Katarína 
245 1 0 |a Skladbičky pre klavír  |h [hudobnina] :  |c Katarína Brejková. 
250 |a 1. vyd. 
260 |a Bratislava :  |b Hudobný fond,  |c 2011. 
300 |a 1 partitúra (11 s.) :  |b noty ;  |c 30 cm. 
366 |e 500 výtl. 
650 0 7 |a drobné skladby (klavír)  |2 SVKKKPH 
655 7 |a hudobniny  |2 SVKKKPH 
910 |a svkkk 
919 |a 979-0-68500-099-0 
998 |a MU 
090 |g SCKHL  |k Sklad Hlavná 10 prízemie  |a V.230847  |j 1049907  |i 2720291417  |s Absenčne